000 01285nam a22002057a 4500
999 _c60139
_d60139
003 Ge_BSU
005 20230612160238.0
008 230612s2016 ge ||||| |||| 00| 0 geo d
020 _a9789941938092
041 _ageo
080 _a902.2(479.22) ნ-86
100 _aნიორაძე, გიორგი.
_918569
245 _aშრომები ხუთ ტომად :
_bსაქართველოს ძველი ქვის ხანის არქეოლოგიური ძეგლები. ტომი III /
_cგიორგი ნიორაძე; რედაქტორი: ოთარ ჯაფარიძე; შემდგენელი, რედაქტორი: მედეა ნიორაძე: საქართველოს ეროვნული მუზეუმი.
264 _aთბილისი :
_b[გ.გ.] ,
_c2016.
300 _a368 გვ.:
_bსურ.;
_c25 სმ.
700 _aჯაფარიძე, ოთარ
_eრედაქტორი
_918644
700 _aნიორაძე, მედეა
_eშემდგენელი, რედაქტორი
_918570
710 _aსაქართველოს ეროვნული მუზეუმი
_918645
942 _2udc
_cBK